00537nam a22001815a 4500001000400000003000900004005001700013008004100030010001700071040002800088050001500116082001600131100002300147245005700170260004000227300003600267440005200303537BDDh-ASL20231015030232.0831006|1966 ||| 000 0 eng  a 66022196  aDLCcDLCdDLCdBDDh-ASL00aIN PROCESS a909.5bKRW 1 aKirchner, Walther.10aWestern civilization since 1500 /cWalther Kirchner. aNew York :bBarnes & Noble,cc1966. axix, 364 p. :b ill. ;c 21 cm. 0aBarnes & Noble college outline series ; no. 111